000 00295nam a22001217a 4500
008 170710b xxu||||| |||| 00| 0 eng d
041 _aeng
080 _a030
100 _a26
101 _aENC
245 _aASIMOVS BIOGRAPHICAL ENCYCLOPEDIA OF SCIENCE & TECHNOLOGY
_cASIMOV,I
942 _2udc
_cBK
999 _c20187
_d20187